000 00680nam a2200241Ia 4500
003 GCL
008 140319s9999 xx 000 0 ara d
040 _aGCL /
_cGCL
082 0 4 _a530
_bا ت
100 1 _aاينشتين, البرت
245 1 0 _aتطور الفيزياء /
_cاينشتين, البرت
700 1 _aانفلو, ليوبولد
700 1 _aعلى المنذر (مترجم)
260 _a[S.N] :
_bاكاديميا ،
_c1993
300 _a223 ص
490 _a
650 0 4 _aتاريخ
650 0 4 _aالفيزياء
650 0 4 _aالميكانيكا
650 0 4 _aالنسبية
650 0 4 _aالجاذبية الارضية
942 _2ddc
_cBK
999 _c33226
_d33226